Die kantische Reform der Metaphysik Auszüge /

Elmentve itt :
Bibliográfiai részletek
Szerző: Tankó Béla
Dokumentumtípus: Cikk
Megjelent: 1943
Sorozat:Szellem és élet 6 No. 3-4
Kulcsszavak:Kant Immanuel, Filozófia - német - 18. sz.
Tárgyszavak:
Online Access:http://acta.bibl.u-szeged.hu/12138
LEADER 00705nab a2200193 i 4500
001 acta12138
005 20250902134726.0
008 161015s1943 hu o 000 ger d
040 |a SZTE Egyetemi Kiadványok Repozitórium  |b hun 
041 |a ger 
100 1 |a Tankó Béla 
245 1 4 |a Die kantische Reform der Metaphysik   |h [elektronikus dokumentum] :  |b Auszüge /  |c  Tankó Béla 
260 |c 1943 
300 |a 184-185 
490 0 |a Szellem és élet  |v 6 No. 3-4 
650 4 |a Bölcsészettudományok 
650 4 |a Filozófia, etika és vallástudományok 
695 |a Kant Immanuel, Filozófia - német - 18. sz. 
856 4 0 |u http://acta.bibl.u-szeged.hu/12138/1/szellem_1943_003_004_184-185.pdf  |z Dokumentum-elérés